000 00446nam a2200157 i 4500
001 69417
003 ES-MaACL
005 20230906170520.0
007 t|
008 040706s1959 sp ||||1| spa d
100 1 _aGarcía Cabrera, Pedro.
_954312
245 1 3 _aLa esperanza me mantiene /
_cPedro García Cabrera.
260 _aMadrid :
_b[s.n.,
_c1959] (
_fArges)
300 _a79 p., 2 lám. ;
_c22 cm.
852 _aES-MaACL
_j2013-F-12
_bR.44278
999 _c69417
_d69417